| 000 | 00422nam a2200181Ia 4500 | ||
|---|---|---|---|
| 005 | 20250423101429.0 | ||
| 008 | 250422s9999 xx 000 0 und d | ||
| 020 | _a9781930808224 | ||
| 050 | _aRM 265 .S224/ | ||
| 100 | _aDavid N. Gilbert | ||
| 245 | 4 | _aThe sanford guide to antimicrobial therapy | |
| 250 | _a35th | ||
| 260 | _aUSA | ||
| 260 | _bSanford guide | ||
| 260 | _c2005 | ||
| 300 | _a158 p | ||
| 942 | _cBK | ||
| 999 |
_c36281 _d36281 |
||